000 00543pab a2200181 454500
008 180718b2000 xxu||||| |||| 00| 0 eng d
100 _aLaurell, Asa Cristina
245 _aStructural adjustment and the globalization of social policy in Latin America
260 _c2000
300 _ap.306-25
362 _aJun
650 _aLatin America - Social policy
650 _aStructural adjustment - Latin America
650 _aGlobalization - Latin America
650 _aGlobalization
773 _aInternational Sociology
909 _a45172
999 _c45172
_d45172